Obálka Náhled e-knihy:
PDF Epub
Pro půjčování e-knih musíte být přihlášeni.
Jak si půjčit online?

Mená /

Dojemný román o domácom násilí, zložitých rodinných vzťahoch a uzdravení. Píše sa rok 1987. Cora sa vydáva s deväťročnou dcérou Maiou zaregistrovať narodenie svojho syna. Jej manžel Gordon, miestny lekár, v komunite rešpektovaný muž, doma desivý a despoti...

Celý popis

Uloženo v:
Hlavní autor: Knapp, Florence (Autor)
Médium: E-kniha
Jazyk:Czech
Vydáno: Praha : Albatros Media Slovakia s.r.o., 2026
Tagy:
Žádné tagy
LEADER 01529nam a22002297i 4500
001 302755
007 ta
008 260514s2026 xr ||||| |||| 00| 0 cze d
020 |a 9788056652213 
044 |a xr 
100 1 |a  Knapp, Florence  |4 aut 
245 1 0 |a Mená /  |c  Knapp, Florence 
240 1 0 |a The Names 
264 1 |a Praha :  |b Albatros Media Slovakia s.r.o.,  |c 2026 
300 |a 1 online zdroj (320 stran) 
336 |a text  |b txt  |2 rdacontent 
337 |a bez média  |b n  |2 rdamedia 
338 |a online zdroj  |b cr  |2 rdacarrier 
520 2 |a Dojemný román o domácom násilí, zložitých rodinných vzťahoch a uzdravení. Píše sa rok 1987. Cora sa vydáva s deväťročnou dcérou Maiou zaregistrovať narodenie svojho syna. Jej manžel Gordon, miestny lekár, v komunite rešpektovaný muž, doma desivý a despotický tyran, chce, aby dieťa pomenovala po ňom. Keď sa matrikárka spýta, ako by chcela dieťa pomenovať, Cora zaváha… Nasleduje tridsaťpäť rokov troch alternatívnych verzií života Cory a celej rodiny, ktoré ovplyvnila jediná voľba mena. 
910 |a RBIT002 
998 |d 427013  |a https://core.palmknihy.cz/api/books/427013/cover?tesgio  |b https://core.palmknihy.cz/api/books/427013/cover/400?tesgio  |c https://core.palmknihy.cz/api/books/427013/cover/50?tesgio  |e 2030-06-20  |g 320  |i 9788056652213  |j https://core.palmknihy.cz/api/books/427013/preview.epub  |k https://core.palmknihy.cz/api/books/427013/preview.pdf  |l   |q 49  |r 1  |s https://www.palmknihy.cz/kniha/427013  |t ebook  |y 2026  |z 1 
999 |d 302753